Welcome to CU Library Online Public Access Catalogue (OPAC)

Core Textbook of Obstetrics & Gynecology/ (Record no. 4114)

MARC details
000 -LEADER
fixed length control field 00425nam a22001457a 4500
005 - DATE AND TIME OF LATEST TRANSACTION
control field 20250222075510.0
008 - FIXED-LENGTH DATA ELEMENTS--GENERAL INFORMATION
fixed length control field 250222b |||||||| |||| 00| 0 eng d
020 ## - INTERNATIONAL STANDARD BOOK NUMBER
International Standard Book Number 9780815160359
050 ## - LIBRARY OF CONGRESS CALL NUMBER
Classification number RG101
Item number .C67
245 ## - TITLE STATEMENT
Title Core Textbook of Obstetrics & Gynecology/
Statement of responsibility, etc. edited by John H. Mattox
260 ## - PUBLICATION, DISTRIBUTION, ETC.
Place of publication, distribution, etc. St. Louis
Name of publisher, distributor, etc. Mosby -Year Book
Date of publication, distribution, etc. 1998
300 ## - PHYSICAL DESCRIPTION
Extent xiv. 594p.
Other physical details ill.
Dimensions 23cm
700 ## - ADDED ENTRY--PERSONAL NAME
Personal name Mattox, John H.
942 ## - ADDED ENTRY ELEMENTS (KOHA)
Source of classification or shelving scheme Library of Congress Classification
Koha item type Books
Suppress in OPAC No
999 ## -
-- 4114
-- 4114
Holdings
Withdrawn status Lost status Source of classification or shelving scheme Damaged status Not for loan Collection Home library Current library Shelving location Date acquired Total checkouts Full call number Barcode Date last seen Copy number Price effective from Koha item type
    Library of Congress Classification     Non-fiction Science Library (Miotso) Science Library (Miotso) General stacks 02/22/2025   RG101 .C67 COR SLM00003609 02/22/2025 1 02/22/2025 Books
© 2023-2024 Copyright: Central University Libraries. All Rights Reserved | Created by: Mahone Tech Office